000 02011nam0a2200361 4500
001 RU\NLR\bibl\325992
005 20260409072120.0
021 _aRU
_b2002-32530
_91606
035 _a(NLR Aleph) 000320991
090 _a97100
_c97100
100 _a20021016d2002 |||y0rusy50 ca
101 0 _arus
102 _aRU
105 _ay |||||||||
200 1 _aПрофессиональная ориентация выпускников общеобразовательных школ и приравненных к ним образовательных учреждений
_fДепартамент федер. гос. службы занятости населения по г. Москве, Науч.-аналит. центр проблем муницип. упр., Акад. труда и соц. отношений
_g[Квасницкий В. Н. и др.]
210 _aМ.
_cДепартамент федер. гос. службы занятости населения по г. Москве
_d2002
215 _a47 с.
_d22
606 _aШкольники
_xВыбор профессии
_3RU\NLR\auth\66918738
_91999521
610 0 _aПрофессиональная ориентация в школе - Социологические исследования
610 0 _aШкольники-выпускники - Социологические исследования
675 _a373.5:331.101.262
_v3
_zrus
686 _a14.23
_2rugasnti
686 _a74.200
_2rubbk
686 _aЮ941.19
686 _aЧ421.202.5
702 1 _aКвасницкий
_bВ. Н.
_gВиктор Николаевич
_4220
712 0 1 _4570
_aРоссийская Федерация
_bФедеральная государственная служба занятости
_bДепартамент по городу Москве
_3RU\NLR\AUTH\8810038214
_9575268
801 0 _aRU
_bRKP
_c20021016
_gPSBO
801 1 _aRU
_bRKP
_c20021016
801 2 _aRU
_bNLR
_c20040512
_grcr
942 _cBOOK
980 _aNB